Aspectos da vida do Brasil : verdade, justiça, moral /

Bibliographic Details
Main Author: Valvêrde, Belmiro
Format: Book
Language:Portuguese
Published: [Place of publication not identified] : [publisher not identified], 1946
Subjects:

MARC

Tag First Indicator Second Indicator Subfields
LEADER 00000cam a2200000 i 4500
001 in00003452621
005 20151206103451.0
008 761018s1946 bl b 00010 por d
035 |a (OCoLC)ocm02510248 
040 |a YUS  |c YUS  |d TNY  |d UtOrBLW 
090 |a F2521  |b .V35 
100 1 |a Valvêrde, Belmiro. 
245 1 0 |a Aspectos da vida do Brasil :  |b verdade, justiça, moral /  |c Belmiro Valvêrde. 
264 1 |a [Place of publication not identified] :  |b [publisher not identified],  |c 1946 
264 3 |a [Rio de Janeiro?] :  |b Gráfica S. José 
300 |a 424 pages ;  |c 24 cm. 
336 |a text  |b txt  |2 rdacontent 
337 |a unmediated  |b n  |2 rdamedia 
338 |a volume  |b nc  |2 rdacarrier 
504 |a Includes bibliographical references. 
651 0 |a Brazil  |x History. 
999 |a MARS 
999 f f |s 31eb0d62-941c-3253-ac69-8c4d9bd433b9  |i 677d0ef2-933e-30cd-b26f-66fa7930dc6b  |t 0 
952 f f |p ric  |a Texas A&M University  |b Rellis Campus  |c Joint Library Facility  |d Remote Storage  |t 0  |e F2521 .V35  |h Library of Congress classification  |i unmediated -- volume  |m 32060004010068 
998 f f |a F2521 .V35  |t 0  |l Remote Storage